000 01162nam a2200325 c 4500
003 BLK
005 20231219114428.0
008 180409b bul|||||r ||||||| ||bul||
010 _aKNG00143686000
020 _a978-954-9455-83-0
_bиздат.: Коала прес
040 _aBLK
041 _aBUL
_cBUL
072 7 _2bullib
_aН8400
_xБългарска поезия Н
080 _aБългарска литература
_b821.163.2
_x-1
_z821.163.2-1
100 _aБаев, Антон Христов
_9258260
139 _aБаев, Антон Христов
_bБ 13
245 1 0 _aДневник на корабокрушенеца
_cАнтон Христов Баев.
257 _aBGR
260 София
_bКоала прес
_c2012
_fВ. Търново : Абагар
300 _a128 с.
_c20 см
380 _aX
500 _aАзб. показалец. - Библиогр. с. 125
659 _aН
852 _aЦб 259743
856 4 _qpdf
_u
856 4 _qpdf
_u
942 _cKNG
_n0
944 _aCR
_c07.06.2013
_k30560
_lГеновева Генчева
944 _aED
_c19.12.2014
_kВиолета_Тройчева
999 _c137709
_d137709